MARC

Tag First Indicator Second Indicator Subfields
LEADER 00000cam a2200000 a 4500
001 in00000084994
005 20151008054438.0
008 811120s1981 fr a b i00000 eng
010 |a  81159154  
015 |a F*** 
020 |a 9264121609 (pbk.) 
035 |a (OCoLC)07415829 
035 |9 AAJ0685AM 
039 0 |a 2  |b 3  |c 3  |d 3  |e 3 
040 |a DLC  |c DLC  |d TXA  |d UtOrBLW 
049 |a TXAM  |c [800691] 
050 0 0 |a LB2324  |b .F87 
082 0 |a 378/.0072  |2 19 
245 0 4 |a The Future of university research. 
264 1 |a Paris :  |b Organisation for Economic Co-operation and Development ;  |a [Washington, D.C.] :  |b [available from OECD Publications and Information Center],  |c 1981. 
300 |a 78 pages :  |b illustrations ;  |c 24 cm. 
336 |a text  |b txt  |2 rdacontent 
337 |a unmediated  |b n  |2 rdamedia 
338 |a volume  |b nc  |2 rdacarrier 
504 |a Includes bibliographical references. 
610 2 0 |a Organisation for Economic Co-operation and Development. 
650 0 |a Education, Higher  |x Research. 
710 2 |a Organisation for Economic Co-operation and Development. 
999 |a MARS 
999 f f |s 3acf9bef-ccfd-37dd-9066-f8679869fade  |i 8bda7f32-2dc9-31f8-a3a2-fb98361b6645  |t 0 
952 f f |p normal  |a Texas A&M University  |b College Station  |c Sterling C. Evans Library  |d Evans: Library Stacks  |t 0  |e LB2324 .F87  |h Library of Congress classification  |i unmediated -- volume  |m A14806161291 
998 f f |a LB2324 .F87  |t 0  |l Evans: Library Stacks